000
00269pam a2200133 a 4500
020
_c
041
_a
eng
082
_b
PAT
100
_a
Parker, Stern .
245
_a
Fish
_h
Textual Documents
260
_a
[s.l]:
_b
World Book INC
300
_a
63 pg .
930
_a
6964
999
_c
83875
_d
83875